[Event "Barcelona Tancat Sant Marti 3rd"]
[Site "Barcelona"]
[Date "2011.03.10"]
[Round "5.1"]
[White "Parra Crespo, Jordi"]
[Black "Llopis Sans, Pau"]
[Result "0-1"]
[WhiteElo "1700"]
[BlackElo "1704"]
[PlyCount "64"]
[EventDate "2011.03.08"]
[EventType "tourn"]
[EventRounds "9"]
[EventCountry "ESP"]
[SourceTitle "EXT 2024"]
[Source "ChessBase"]
[SourceDate "2023.10.10"]
[SourceVersion "1"]
[SourceVersionDate "2023.10.10"]
[SourceQuality "1"]

1. e4 e5 2. Nf3 Nc6 3. Nc3 Bc5 4. Bc4 Nf6 5. d3 Ng4 6. Be3 Nxe3 7. fxe3 Bxe3 8. Qe2 Nd4 9. Nxe5 Nxe2 10. Kxe2 d5 11. Bxd5 Be6 12. Bxb7 Rb8 13. Nc6 Bg4+ 14. Kxe3 Qg5+ 15. Kf2 Rxb7 16. h4 Qc5+ 17. Kg3 Qxc6 18. Kxg4 Rxb2 19. Nd5 Rxc2 20. Nb4 Qe6+ 21. Kf3 Qf6+ 22. Kg3 Qd6+ 23. Kf3 Qxb4 24. Rab1 Rb2 25. Ra1 0-0 26. a3 Qb3 27. Rhd1 Rd8 28. Ke3 h6 29. g4 Rxd3+ 30. Rxd3 Qb6+ 31. Rd4 Rb3+ 32. Kf4 Qxd4 0-1

[Event "Barcelona Tancat Sant Marti 3rd"]
[Site "Barcelona"]
[Date "2011.03.09"]
[Round "3.1"]
[White "Sulla Peirot, Andreu"]
[Black "Llopis Sans, Pau"]
[Result "0-1"]
[WhiteElo "1765"]
[BlackElo "1704"]
[PlyCount "38"]
[EventDate "2011.03.08"]
[EventType "tourn"]
[EventRounds "9"]
[EventCountry "ESP"]
[SourceTitle "EXT 2024"]
[Source "ChessBase"]
[SourceDate "2023.10.10"]
[SourceVersion "1"]
[SourceVersionDate "2023.10.10"]
[SourceQuality "1"]

1. e4 c5 2. Nf3 d6 3. Nc3 Nf6 4. d4 cxd4 5. Nxd4 a6 6. Bd3 e5 7. Nf3 Nc6 8. h3 Be7 9. Bg5 0-0 10. 0-0 Re8 11. Qd2 h6 12. Bh4 b5 13. Bxf6 Bxf6 14. Nd5 Bb7 15. c3 Rc8 16. a4 Na5 17. Nxf6+ Qxf6 18. Ra3 bxa4 19. Rxa4 Qd8 0-1

[Event "Barcelona Tancat Sant Marti 3rd"]
[Site "Barcelona"]
[Date "2011.03.08"]
[Round "2.1"]
[White "Llopis Sans, Pau"]
[Black "Badia Vives, Oriol"]
[Result "1-0"]
[WhiteElo "1704"]
[BlackElo "1768"]
[PlyCount "77"]
[EventDate "2011.03.08"]
[EventType "tourn"]
[EventRounds "9"]
[EventCountry "ESP"]
[SourceTitle "EXT 2024"]
[Source "ChessBase"]
[SourceDate "2023.10.10"]
[SourceVersion "1"]
[SourceVersionDate "2023.10.10"]
[SourceQuality "1"]

1. e4 d6 2. d4 Nf6 3. Nc3 g6 4. Bg5 Bg7 5. Nf3 0-0 6. Bd3 Nbd7 7. Qd2 b6 8. Bh6 Bb7 9. Bxg7 Kxg7 10. b4 Re8 11. 0-0 e5 12. d5 c6 13. dxc6 Bxc6 14. Rae1 Rc8 15. Re3 Rc7 16. b5 Bb7 17. Rfe1 Qc8 18. Ne2 Nc5 19. Ng3 Nxd3 20. cxd3 Qd7 21. a4 Rec8 22. Ne2 a6 23. h3 axb5 24. axb5 Qxb5 25. Kh2 Ba6 26. Nh4 Nd7 27. Rg3 Nc5 28. Nf5+ Kf8 29. Qh6+ Ke8 30. Nxd6+ Kd8 31. Nxb5 Bxb5 32. Qf8+ Kd7 33. Qxf7+ Kd8 34. Qf6+ Kd7 35. Qxb6 Bxd3 36. Rxd3+ Nxd3 37. Qb5+ Ke7 38. Qxd3 Ke8 39. Qe3 1-0